000 00313nam a2200109Ia 4500
008 200302s9999 xx 000 0 und d
100 _aLynn S.Beedle
245 _aAdvances in Tall Buildings Council on tall Buildings and Urban Habitat
260 _bVan Nostrand Reinhold Ltd.
260 _c1986
300 _a693 P.,
999 _c2130
_d2130